[Event "Oberfranken-ch"]
[Site "Kronach"]
[Date "2023.02.26"]
[Round "7"]
[White "Knauer, Manfred"]
[Black "Merkel, Alexander"]
[Result "1/2-1/2"]
[WhiteElo "1596"]
[BlackElo "1605"]
[PlyCount "58"]
[EventDate "2023.02.23"]
[EventType "swiss"]
[EventRounds "7"]
[EventCountry "GER"]
[SourceTitle "EXT 2024"]
[Source "ChessBase"]
[SourceDate "2023.10.10"]
[SourceVersion "1"]
[SourceVersionDate "2023.10.10"]
[SourceQuality "1"]

1. e4 d5 2. exd5 Nf6 3. Bb5+ Bd7 4. Bc4 Bf5 5. Nc3 c6 6. dxc6 Nxc6 7. d3 e5 8. Bg5 Be7 9. a3 0-0 10. h4 Qb6 11. Nge2 Rad8 12. Bxf6 Bxf6 13. 0-0 Bxh4 14. Nd5 Qxb2 15. Nec3 Nd4 16. Ra2 Qxa2 17. Nxa2 Be6 18. Ne7+ Bxe7 19. Bxe6 Nxe6 20. a4 Nd4 21. c3 Nc6 22. Qe2 f6 23. Qe4 g6 24. Nb4 Nxb4 25. cxb4 b6 26. Qc6 Bxb4 27. Qc4+ Kg7 28. Qxb4 Rxd3 29. Rc1 Rf7 1/2-1/2

[Event "Oberfranken-ch"]
[Site "Kronach"]
[Date "2023.02.25"]
[Round "5"]
[White "Baumgaertner, Frank"]
[Black "Knauer, Manfred"]
[Result "1-0"]
[WhiteElo "1801"]
[BlackElo "1596"]
[PlyCount "75"]
[EventDate "2023.02.23"]
[EventType "swiss"]
[EventRounds "7"]
[EventCountry "GER"]
[SourceTitle "CBM 213 Extra"]
[Source "ChessBase"]
[SourceDate "2023.05.31"]
[SourceVersion "1"]
[SourceVersionDate "2023.05.31"]
[SourceQuality "1"]

1. d4 Nf6 2. Nf3 a6 3. c4 b5 4. e3 Bb7 5. Nbd2 e6 6. a3 Be7 7. Be2 Ne4 8. Nxe4 Bxe4 9. 0-0 c6 10. Bd2 0-0 11. Bc3 bxc4 12. Bxc4 d5 13. Bd3 f5 14. Ne5 Bd6 15. f4 Rf6 16. Bxe4 fxe4 17. Qh5 Bxe5 18. fxe5 Rg6 19. Rf4 Nd7 20. Raf1 Qg5 21. Qxg5 Rxg5 22. Bb4 c5 23. Bc3 Rf8 24. Rxf8+ Nxf8 25. dxc5 Nd7 26. c6 Nb6 27. Bb4 Rf5 28. Rxf5 exf5 29. e6 g6 30. Bc5 Nc8 31. b4 Kg7 32. a4 Kf6 33. e7 Kf7 34. b5 axb5 35. axb5 f4 36. exf4 d4 37. Bxd4 Kxe7 38. Bc5+ 1-0

[Event "Oberfranken-ch"]
[Site "Kronach"]
[Date "2023.02.24"]
[Round "4"]
[White "Mueller, Torsten"]
[Black "Knauer, Manfred"]
[Result "1-0"]
[WhiteElo "1834"]
[BlackElo "1596"]
[PlyCount "91"]
[EventDate "2023.02.23"]
[EventType "swiss"]
[EventRounds "7"]
[EventCountry "GER"]
[SourceTitle "CBM 213 Extra"]
[Source "ChessBase"]
[SourceDate "2023.05.31"]
[SourceVersion "1"]
[SourceVersionDate "2023.05.31"]
[SourceQuality "1"]

1. c4 e5 2. Nc3 Nf6 3. Nf3 e4 4. Ng5 c6 5. Ngxe4 Ng4 6. e3 d6 7. h3 Ne5 8. d4 Ng6 9. Be2 Be7 10. Nd2 Nd7 11. Nf3 Nh4 12. 0-0 Nf8 13. Nxh4 Bxh4 14. e4 Ng6 15. f4 Bg3 16. f5 Qh4 17. fxg6 hxg6 18. Bg4 Bxg4 19. Qxg4 Qxg4 20. hxg4 0-0-0 21. Rxf7 Rh7 22. Bg5 Rdh8 23. Kf1 Rh1+ 24. Ke2 Rxa1 25. Rxg7 Rf8 26. Be3 Rff1 27. Rg8+ Kc7 28. Rg7+ Kb6 29. Rxg6 Rae1+ 30. Kd3 Bf4 31. Bxf4 Rxf4 32. e5 dxe5 33. Nd5+ Ka5 34. Nxf4 exf4 35. Rf6 Re3+ 36. Kd2 Rg3 37. Rxf4 Rxg2+ 38. Ke3 Rxb2 39. Rf2 Rb1 40. Rg2 Re1+ 41. Kd2 Rf1 42. g5 Kb4 43. g6 Rf8 44. g7 Rg8 45. Kd3 a6 46. Rb2+ 1-0

[Event "Oberfranken-ch"]
[Site "Schney"]
[Date "2019.01.06"]
[Round "7"]
[White "Knauer, Manfred"]
[Black "Jacob, Karl Heinz"]
[Result "1/2-1/2"]
[WhiteElo "1596"]
[BlackElo "1690"]
[PlyCount "23"]
[EventDate "2019.01.03"]
[EventType "swiss"]
[EventRounds "7"]
[EventCountry "GER"]
[SourceTitle "CBM 188 Extra"]
[Source "ChessBase"]
[SourceDate "2019.02.28"]
[SourceVersion "1"]
[SourceVersionDate "2019.02.28"]
[SourceQuality "1"]

1. e4 d5 2. exd5 Qxd5 3. d4 Nf6 4. Nc3 Qd6 5. Nf3 a6 6. h3 Bf5 7. Be3 e6 8. a3 Nc6 9. Bd3 Bxd3 10. Qxd3 Be7 11. 0-0 h6 12. b4 1/2-1/2

[Event "Oberfranken-ch"]
[Site "Schney"]
[Date "2019.01.05"]
[Round "6"]
[White "Birke, Stefanie"]
[Black "Knauer, Manfred"]
[Result "1/2-1/2"]
[WhiteElo "1584"]
[BlackElo "1596"]
[PlyCount "35"]
[EventDate "2019.01.03"]
[EventType "swiss"]
[EventRounds "7"]
[EventCountry "GER"]
[SourceTitle "CBM 188 Extra"]
[Source "ChessBase"]
[SourceDate "2019.02.28"]
[SourceVersion "1"]
[SourceVersionDate "2019.02.28"]
[SourceQuality "1"]

1. Nf3 d5 2. g3 e6 3. Bg2 Nf6 4. 0-0 h6 5. c4 c6 6. d3 Nbd7 7. Re1 Bc5 8. b3 0-0 9. Bb2 Ng4 10. e3 Be7 11. Nbd2 Bf6 12. Bxf6 Qxf6 13. d4 Qg6 14. h3 Ngf6 15. Qb1 Ne4 16. Nxe4 Qxe4 17. Qxe4 dxe4 18. Nd2 1/2-1/2

[Event "Oberfranken-ch"]
[Site "Schney"]
[Date "2019.01.03"]
[Round "2"]
[White "Haeggberg, Markus Peter"]
[Black "Knauer, Manfred"]
[Result "1-0"]
[WhiteElo "1846"]
[BlackElo "1596"]
[PlyCount "97"]
[EventDate "2019.01.03"]
[EventType "swiss"]
[EventRounds "7"]
[EventCountry "GER"]
[SourceTitle "CBM 188 Extra"]
[Source "ChessBase"]
[SourceDate "2019.02.28"]
[SourceVersion "1"]
[SourceVersionDate "2019.02.28"]
[SourceQuality "1"]

1. d4 d5 2. c4 e6 3. Nc3 Nf6 4. Bg5 Be7 5. e3 h6 6. Bh4 0-0 7. Nf3 Ne4 8. Bxe7 Qxe7 9. Qb3 c6 10. Bd3 f5 11. Ne5 Qf6 12. Bxe4 fxe4 13. 0-0 b6 14. cxd5 exd5 15. Nxe4 Qe6 16. Ng3 Nd7 17. f4 Nxe5 18. fxe5 Ba6 19. Rxf8+ Rxf8 20. Qa3 Qc8 21. Qd6 Bb5 22. Qg6 Qe8 23. Qxe8 Rxe8 24. a4 Bd3 25. a5 b5 26. b4 g6 27. Rc1 Re6 28. Rd1 Bc4 29. Rd2 Re8 30. Rf2 Rf8 31. Rxf8+ Kxf8 32. Kf2 Kf7 33. h4 Bd3 34. Ne2 Bc2 35. Nf4 Bf5 36. Ke2 Bg4+ 37. Kd2 Bf5 38. Ne2 Be6 39. Nc1 Bc8 40. Nb3 Ke7 41. Nc5 Kf7 42. Ke2 Ke7 43. Kf3 Kf7 44. Kf4 Ke7 45. g4 Kf7 46. g5 h5 47. e6+ Bxe6 48. Ke5 Bg4 49. Kd6 1-0

[Event "Oberfranken-ch"]
[Site "Schney"]
[Date "2019.01.03"]
[Round "1"]
[White "Knauer, Manfred"]
[Black "Gebhardt, Christian"]
[Result "0-1"]
[WhiteElo "1596"]
[BlackElo "1906"]
[PlyCount "98"]
[EventDate "2019.01.03"]
[EventType "swiss"]
[EventRounds "7"]
[EventCountry "GER"]
[SourceTitle "CBM 188 Extra"]
[Source "ChessBase"]
[SourceDate "2019.02.28"]
[SourceVersion "1"]
[SourceVersionDate "2019.02.28"]
[SourceQuality "1"]

1. e4 e6 2. Nf3 d5 3. e5 c5 4. d4 Nc6 5. c3 Qb6 6. Bd3 Bd7 7. Bc2 Rc8 8. 0-0 Nge7 9. b3 cxd4 10. cxd4 Nb4 11. Na3 Nxc2 12. Nxc2 Nc6 13. Be3 Nb4 14. Nxb4 Bxb4 15. Bd2 Be7 16. Re1 0-0 17. Bg5 Bb4 18. Re3 h6 19. Bh4 Qc7 20. a3 Ba5 21. b4 Bb6 22. Be7 Ba4 23. Qxa4 Qxe7 24. Qd1 Rc4 25. Rd3 Rfc8 26. h3 Qc7 27. Qd2 Rc2 28. Qf4 Re2 29. Re1 Qc2 30. Rd2 Rxd2 31. Nxd2 Qc3 32. Nf3 Qxa3 33. Nh2 Qxb4 34. Rd1 Qb3 35. Re1 Qc3 36. Nf3 Rc4 37. Re3 Qc1+ 38. Kh2 Rc3 39. Qh4 Rxe3 40. fxe3 Qxe3 41. Qe7 Qf4+ 42. Kh1 Bxd4 43. Qe8+ Kh7 44. Nxd4 Qxd4 45. Qxf7 Qa1+ 46. Kh2 Qxe5+ 47. Kh1 d4 48. Qxb7 d3 49. Qb1 Qf5 0-1

[Event "Oberfranken-ch"]
[Site "Schney"]
[Date "2018.01.05"]
[Round "6"]
[White "Voelker, Daniel"]
[Black "Knauer, Manfred"]
[Result "1/2-1/2"]
[WhiteElo "1684"]
[BlackElo "1523"]
[PlyCount "109"]
[EventDate "2018.01.03"]
[EventType "swiss"]
[EventRounds "7"]
[EventCountry "GER"]
[SourceTitle "CBM 182 Extra"]
[Source "ChessBase"]
[SourceDate "2018.02.23"]
[SourceVersion "1"]
[SourceVersionDate "2018.02.23"]
[SourceQuality "1"]

1. d4 d5 2. c4 e6 3. Nc3 Nf6 4. Bg5 h6 5. Bh4 Be7 6. e3 0-0 7. Nf3 Nbd7 8. Bd3 b6 9. cxd5 exd5 10. 0-0 Bb7 11. Rc1 Ne4 12. Bg3 Nxg3 13. hxg3 a6 14. Re1 Bd6 15. Nh4 Nf6 16. Nf5 Ne4 17. Qg4 Qg5 18. Qxg5 hxg5 19. Bxe4 dxe4 20. Nxd6 cxd6 21. Na4 b5 22. Nb6 Rad8 23. Rc7 Ba8 24. Rec1 Rfe8 25. Kf1 Rc8 26. Nxa8 Rxa8 27. Ke2 Kf8 28. Rh1 Kg8 29. Rhc1 Kf8 30. R1c6 Re7 31. Rc8+ Rxc8 32. Rxc8+ Re8 33. Rc6 Ke7 34. Rxa6 Rb8 35. Kd2 b4 36. Ra7+ Ke6 37. Rc7 d5 38. Kc2 g6 39. Kb3 g4 40. Rc5 g5 41. Ka4 Ra8+ 42. Kb3 Rb8 43. Kc2 Kd6 44. a3 bxa3 45. bxa3 f6 46. a4 Rb4 47. a5 Ra4 48. Rb5 f5 49. Kb3 Ra1 50. Rc5 Rb1+ 51. Ka2 Rb4 52. Ka3 Rb1 53. Ka2 Rb4 54. Ka3 Rb1 55. Ka2 1/2-1/2

[Event "Oberfranken-ch"]
[Site "Schney"]
[Date "2018.01.03"]
[Round "1"]
[White "Knauer, Manfred"]
[Black "Baumgaertner, Frank"]
[Result "0-1"]
[WhiteElo "1523"]
[BlackElo "1781"]
[PlyCount "58"]
[EventDate "2018.01.03"]
[EventType "swiss"]
[EventRounds "7"]
[EventCountry "GER"]
[SourceTitle "CBM 182 Extra"]
[Source "ChessBase"]
[SourceDate "2018.02.23"]
[SourceVersion "1"]
[SourceVersionDate "2018.02.23"]
[SourceQuality "1"]

1. e4 e5 2. Nf3 Nc6 3. Bc4 Bc5 4. c3 d6 5. Bb3 Nf6 6. d3 h6 7. h3 0-0 8. 0-0 Re8 9. Re1 d5 10. Nbd2 dxe4 11. dxe4 Qe7 12. Nf1 Bd7 13. Ng3 Rad8 14. Qe2 a6 15. Nf5 Bxf5 16. exf5 e4 17. Nh2 Qe5 18. g4 Qg3+ 19. Kh1 Bxf2 20. Rf1 e3 21. Qf3 Ne4 22. Bxe3 Qxf3+ 23. Nxf3 Bxe3 24. Kg2 Nd2 25. Nxd2 Rxd2+ 26. Kg3 Bc5 27. Rab1 Re3+ 28. Kf4 Ree2 29. h4 Bd6+ 0-1

[Event "Oberfranken-ch"]
[Site "Schney"]
[Date "2017.01.04"]
[Round "4"]
[White "Knauer, Manfred"]
[Black "Bauschke, Norman"]
[Result "1/2-1/2"]
[WhiteElo "1572"]
[BlackElo "1625"]
[PlyCount "51"]
[EventDate "2017.01.03"]
[EventType "swiss"]
[EventRounds "7"]
[EventCountry "GER"]
[SourceTitle "CBM 176 Extra"]
[Source "ChessBase"]
[SourceDate "2017.03.02"]
[SourceVersion "1"]
[SourceVersionDate "2017.03.02"]
[SourceQuality "1"]

1. e4 c5 2. d4 cxd4 3. Qxd4 Nc6 4. Qd1 g6 5. Bd3 Bg7 6. c3 e6 7. Nf3 Nge7 8. 0-0 0-0 9. Re1 b6 10. Be3 Bb7 11. Qd2 d5 12. Bh6 dxe4 13. Bxg7 Kxg7 14. Bxe4 Qc7 15. Qe3 Rad8 16. Nbd2 Nd5 17. Qg5 h6 18. Qh4 Nce7 19. Nf1 Rh8 20. Rad1 g5 21. Qg3 Nf4 22. Rxd8 Rxd8 23. Nd4 Bxe4 24. Rxe4 Ned5 25. h4 Kg6 26. Nh2 1/2-1/2

[Event "Oberfranken-ch"]
[Site "Schney"]
[Date "2017.01.03"]
[Round "2"]
[White "Knauer, Manfred"]
[Black "Schedl, Hermann"]
[Result "0-1"]
[WhiteElo "1572"]
[BlackElo "1413"]
[PlyCount "78"]
[EventDate "2017.01.03"]
[EventType "swiss"]
[EventRounds "7"]
[EventCountry "GER"]
[SourceTitle "CBM 176 Extra"]
[Source "ChessBase"]
[SourceDate "2017.03.02"]
[SourceVersion "1"]
[SourceVersionDate "2017.03.02"]
[SourceQuality "1"]

1. e4 e6 2. Nf3 d5 3. e5 c5 4. d4 Nc6 5. c3 Nge7 6. Bd3 Nf5 7. 0-0 Bd7 8. Bc2 Qb6 9. Bxf5 exf5 10. b3 Be7 11. Re1 0-0-0 12. Be3 Kb8 13. a3 Rdg8 14. b4 c4 15. a4 Nd8 16. Na3 Qe6 17. Nb5 Qb6 18. Ng5 h6 19. Nf3 g5 20. Nd6 Bxd6 21. exd6 Qxd6 22. Ne5 Be8 23. b5 f6 24. Nf3 Bh5 25. Qd2 Bxf3 26. Qc1 Bh5 27. Qc2 Bg6 28. Bc1 f4 29. Qd2 Re8 30. Ba3 Qd7 31. Qb2 b6 32. a5 Re6 33. axb6 Rxb6 34. Bc5 Re8 35. Rxe8 Bxe8 36. Bxb6 axb6 37. Qa3 Qb7 38. Qd6+ Kc8 39. Ra7 Qxa7 0-1